书目信息 |
| 题名: |
十五至十九世纪的西苏丹
|
|
| 作者: | 奥耳迭罗格 著 ;上海新闻出版系统“五·七”干校翻译组 译 | |
| 分册: | 上册 | |
| 出版信息: | 上海 上海人民出版社 1973.3 |
|
| 页数: | 321页 | |
| 开本: | 20cm | |
| 丛书名: | ||
| 单 册: | ||
| 中图分类: | K430.7 | |
| 科图分类: | ||
| 主题词: | 西非--历史 | |
| 电子资源: | ||
| ISBN: | ||
| 000 | 00966nam0 2200241 45 | |
| 001 | 0212180805 | |
| 005 | 20031219104102.5 | |
| 010 | @dCNY1. | |
| 091 | @a11171.20 | |
| 100 | @a20021218d1973 km y0chiy0120 ea | |
| 101 | 0 | @achi |
| 105 | @ah z 000yy | |
| 200 | 1 | @a十五至十九世纪的西苏丹@h上册@AShi Wu Zhi Shi Jiu Shi Ji De Xi Su Dan@e历史和文化史散论@ELi Shi He Wen Hua Shi San Lun@f(苏)德·亚·奥耳迭罗格著@F(Su)De·Ya·Ao Er Die Luo Ge Zhu@g上海新闻出版系统“五·七”干校翻译组译 |
| 210 | @a上海@c上海人民出版社@d1973.3 | |
| 215 | @a321页@d20cm | |
| 300 | @a本书是供内部参考用的,写文章引用时务请核对原文,并在注明出处时用原著版本。 | |
| 517 | @a历史和文化史散论@ALi Shi He Wen Hua Shi San Lun | |
| 606 | 0 | @a西非@x历史 |
| 690 | @aK430.7@v3 | |
| 701 | 0 | @a奥耳迭罗格@4著 |
| 711 | 02 | @a上海新闻出版系统“五·七”干校翻译组@AShang Hai Xin Wen Chu Ban Xi Tong“Wu·Qi”Gan Xiao Fan Yi Zu@4译 |
| 801 | @aCN@bTSTC@c20021218 | |
| 905 | @b219155@dK430.7@e6:1@f1 | |
| 十五至十九世纪的西苏丹.上册:历史和文化史散论/(苏)德·亚·奥耳迭罗格著/上海新闻出版系统“五·七”干校翻译组译.-上海:上海人民出版社,1973.3 |
| 321页;20cm |
| 本书是供内部参考用的,写文章引用时务请核对原文,并在注明出处时用原著版本。 |
| ISBN :CNY1. |
| ● |
| 相关链接 |
|
|
|
|
正题名:十五至十九世纪的西苏丹
索取号:K430.7/6:1
 
预约/预借
| 序号 | 登录号 | 条形码 | 馆藏地/架位号 | 状态 | 备注 |
| 1 | 0219155 | 001749905 | 第二样本阅览室/ [索取号:K430.7/6:1] | 在馆 |